000 00300nam a2200121Ia 4500
008 140130s9999 xx 000 0 und d
245 _cCamilla Wilson
_aRosa Parks: From The Back Of..
260 _bScholastic,
_c2003
440 _v1
521 _aGrade 7 - Grade 12
942 _cBK
999 _c41367
_d41367